Kiss You - One Direction (All Lyrics) - Statistics

General Stats
  • This quiz has been taken 192 times
  • The average score is 346 of 393
Answer Stats
Lyrics % Correct
you
100%
you,
100%
you)
100%
a
97%
I
97%
kiss
97%
me,
97%
me
97%
baby,
96%
baby
96%
just
96%
to
96%
let
95%
(let
95%
wanna
95%
oh,
94%
take
94%
(take
94%
we
94%
yeah
93%
yeah,
93%
(yeah),
93%
(yeah)
93%
yeah.
93%
(yeah,
93%
yeah)
93%
and
92%
so
92%
if
91%
want
91%
it
90%
of
90%
tell
90%
girl
88%
girl,
88%
go
88%
home
88%
(home)
88%
home)
88%
say
88%
say,
88%
slow
88%
(slow)
88%
slow)
88%
there,
88%
there
88%
get,
87%
get
87%
like
87%
make
87%
too,
87%
touch
87%
(touch)
87%
any
86%
dont
86%
don't
86%
everytime
86%
out
86%
out,
86%
that
86%
i'll
84%
let's
84%
rush
84%
(rush)
84%
kind
83%
move
83%
na
83%
this
83%
can
82%
on
82%
on,
82%
your
82%
anywhere
81%
my
81%
day,
79%
night
79%
all
78%
could
78%
friends
76%
shout
76%
from
75%
know
75%
show
75%
be
74%
head
74%
what
74%
feet
72%
good
70%
mine
70%
chin
69%
need?
69%
tonight,
69%
tonight
69%
looking
68%
love
68%
come
67%
got
67%
off
67%
over
67%
you'd
66%
anything
64%
here,
64%
here
64%
how
64%
turn
61%
making
60%
them
59%
chinny
53%
kinda
53%
drool
50%
their
48%
chins
45%
(c'mon)
19%
No matching quizzes found
Score Distribution
Percent of People with Each Score
Percentile by Number Answered
Your Score History
You have not taken this quiz